| 000 | 00400nam a2200157Ia 4500 | ||
|---|---|---|---|
| 001 | 14829 | ||
| 008 | 140403s9999 xx 000 0 und d | ||
| 020 | _a969-8383-02-6 | ||
| 040 | _cPK-LaUMT | ||
| 082 |
_a 519.5076 _bICA- |
||
| 245 |
_aBusiness mathematics: _bICAP study text part 1 paper 2.1 |
||
| 260 |
_aDelhi,India: _bBPB Publications, _c1996 |
||
| 300 | _a227 p. | ||
| 546 | _aEN | ||
| 942 | _cBK | ||
| 999 |
_c15397 _d15397 |
||